Najlepsi Strzelcy Wszechczasów LaLiga - Statystyki

Ogólne statystyki
  • Ten quiz został rozwiązany 437 razy
  • Średni wynik to 7 z 20
Statystyki odpowiedzi
Bramki Piłkarz % Poprawnych
474 Messi
100%
311 Ronaldo
99%
202 Benzema
85%
172 Suarez
85%
229 Raul
65%
227 di Stefano
50%
158 Griezmann
43%
156 Puskas
41%
185 Villa
35%
162 Eto'o
33%
234 Sanchez
21%
158 Aduriz
11%
221 Rodriguez
6%
251 Zarra
5%
219 Quini
3%
186 Santillana
3%
195 Mundo
2%
173 Gorostiza
1%
214 Pahino
1%
152 Salinas
1%
Nie znaleziono quizów pasujących do podanych kryteriów
Rozkład punktacji
Procent ludzi z każdym wynikiem
Percentyl według liczby udzielonych odpowiedzi
Twoja historia wyników
Nie rozwiązałeś tego quizu